योजना क्लासिक: (Record no. 204995)
[ view plain ]
| 000 -LEADER | |
|---|---|
| fixed length control field | 00941nam a22001937a 4500 |
| 005 - DATE AND TIME OF LATEST TRANSACTION | |
| control field | 20240813104908.0 |
| 010 ## - LCCN (DPL NO) | |
| LC control number | HIN-128158 |
| 020 ## - INTERNATIONAL STANDARD BOOK NUMBER | |
| International Standard Book Number | 9788119936069 |
| Terms of availability | 190.00 |
| 035 ## - SYSTEM CONTROL NUMBER | |
| System control number | HN-100504 |
| 037 ## - SOURCE OF ACQUISITION | |
| Source of stock number/acquisition | DBAD |
| 082 ## - DEWEY DECIMAL CLASSIFICATION NUMBER | |
| Classification number | 700.954 |
| 245 ## - TITLE STATEMENT | |
| Title | योजना क्लासिक: |
| Remainder of title | कला संस्कृति एवं विरासत / |
| Statement of responsibility, etc | ममता रानी द्वारा संपादित |
| 250 ## - EDITION STATEMENT | |
| Edition statement | 1 |
| 260 ## - PUBLICATION, DISTRIBUTION, ETC. (IMPRINT) | |
| Place of publication, distribution, etc | नई दिल्ली |
| Name of publisher, distributor, etc | प्रकशन विभाग |
| Date of publication, distribution, etc | 2024 |
| 270 ## - ADDRESS | |
| Address | सूचना एव प्रसारण मंत्रालय, सूचना भवन सी.जी.ओ .काम्प्लेक्स लोधी रोड |
| City | नई दिल्ली |
| Postal code | 110003 |
| 300 ## - PHYSICAL DESCRIPTION | |
| Extent | 202पृ. |
| Dimensions | 24 सेमी (सजिल्द) |
| 700 ## - ADDED ENTRY--PERSONAL NAME | |
| Personal name | ममता रानी |
| 9 (RLIN) | 69863 |
| 942 ## - ADDED ENTRY ELEMENTS (KOHA) | |
| Item type | Hindi Books |
| Source of classification or shelving scheme | Dewey Decimal Classification |
| Classification part | 700.954 |
| Call number suffix | योजना |
| Withdrawn status | Lost status | Not for loan | Collection code | Home library | Current library | Date acquired | Source of acquisition | Cost, normal purchase price | Full call number | Barcode | Copy number | Cost, replacement price | Koha item type |
|---|---|---|---|---|---|---|---|---|---|---|---|---|---|
| Non-fiction | Patel Nagar | Patel Nagar | 13/08/2024 | DBAD | 190.00 | 700.954 योजना | HN-100504 | 1 | 190.00 | Hindi Books |
